|
|
|
|
| LEADER |
00000naa2a2200000 4500 |
| 001 |
145279 |
| 005 |
20231031144015.0 |
| 035 |
|
|
|a (RuTPU)RU\TPU\book\157482
|
| 090 |
|
|
|a 145279
|
| 100 |
|
|
|a 20081015d2003 k y0rusy50 ca
|
| 101 |
0 |
|
|a rus
|
| 102 |
|
|
|a RU
|
| 200 |
1 |
|
|a Мотив капитала в пьесах А. Н. Островского 1869-1870 гг. "Горячее сердце", "Бешеные деньги" и новая экономическая критика (к постановке проблемы)
|f А. В. Аввакумова
|g науч. рук. Е. Г. Новикова
|
| 320 |
|
|
|a Библиогр.: 10 назв.
|
| 461 |
|
1 |
|0 (RuTPU)RU\TPU\book\74229
|t Актуальные проблемы лингвистики, литературоведения и журналистики
|o Материалы научно-методической конференции молодых ученых, 11-12 апреля 2003 г., Томск
|f Томский государственный университет
|d 2003-
|
| 463 |
|
0 |
|0 (RuTPU)RU\TPU\book\73662
|t Ч. 1: Лингвистика и литературоведение
|v С. 4-7
|d 2003
|p 298 с.
|
| 600 |
|
1 |
|a Островский
|g Александр Николаевич
|b А. Н.
|c русский драматург
|c член-корреспондент Петербургской АН
|f 1823-1886
|2 stltpush
|3 (RuTPU)RU\TPU\pers\355
|
| 610 |
1 |
|
|a русская литература
|
| 610 |
1 |
|
|a пьесы
|
| 610 |
1 |
|
|a критика
|
| 610 |
1 |
|
|a труды учёных ТПУ
|
| 700 |
|
1 |
|a Аввакумова
|b А. В.
|
| 702 |
|
1 |
|a Новикова
|b Е. Г.
|4 727
|
| 801 |
|
1 |
|a RU
|b 63413507
|c 20081015
|g PSBO
|
| 801 |
|
2 |
|a RU
|b 63413507
|c 20160328
|g PSBO
|
| 942 |
|
|
|c BK
|